000 00642nam a2200277Ia 4500
005 20260324150840.0
008 008 260324s9999 xx 000 0 eng d
020 _a9780203704684
037 _aEBOOK
040 _aCRL
040 _beng
040 _cCRL
041 _2eng
041 _aeng
084 _qCRL
100 _aR. D. Gillespie
_91227834
245 0 _aRevival: The Mind In Daily Life (1933)
260 _bTaylor and Francis
260 _c1933
365 _a
365 _b300
856 _uhttp://www.taylorfrancis.com/books/9780203704684
942 _cEBOOK
999 _c1838005
_d1838005